<The> economics of price scissors

Salvato in:
Dettagli Bibliografici
Autore principale: Sah, Raaj Kumar
Altri autori: Stiglitz, Joseph E.
Natura: Libro
Lingua:inglese
Pubblicazione: New Haven Yale University 1984
Serie:Center Paper no. 367
Tags: Aggiungi Tag
Nessun Tag, puoi essere il primo ad aggiungerne!!

MARC

LEADER 00000nam a2200000 4500
001 c107966
005 20220404111714.1
041 0 |a eng 
044 |a US 
245 1 0 |a <The> economics of price scissors  |c Raaj Kumar Sah, Joseph E. Stiglitz 
264 1 |a New Haven  |b Yale University  |c 1984 
300 |a 138 s. 
490 1 |a Center Paper  |v no. 367 
830 0 |a Center Paper  |v no. 367 
100 1 |a Sah, Raaj Kumar 
700 1 |a Stiglitz, Joseph E.